| 000 | 00395nam a2200145Ia 4500 | ||
|---|---|---|---|
| 008 | 230917s9999||||xx |||||||||||||| ||und|| | ||
| 040 |
_e146872 _aMAIN |
||
| 041 | _aEnglish | ||
| 082 | _a301.54 G41L | ||
| 100 | _aGill, Owen | ||
| 245 | 0 | _aLuke street: housing polity, conflict and the creation of the delinquent Area | |
| 260 |
_aLondon _bMacmillan _c1977 |
||
| 300 | _a207p p. | ||
| 942 | _cBK | ||
| 999 |
_c190465 _d190465 |
||